000 00363nam a22000977a 4500
008 110701t xxu||||| |||| 00| 0 eng d
010 _aLCCF134
245 _aLaw Council of Uganda LCD 42 OF 1998 Begumisa Financial Service Limited Vs Sam Bitangaro
260 _c1998
999 _c4367
_d4367